5HLuxD.jpg

KING HENRY VIII SENIOR AND PRIMARY SCHOOL LIBRARY OPAC

The furthest station / (Record no. 526)

000 -LEADER
fixed length control field 00802nam a22002297a 4500
005 - DATE AND TIME OF LATEST TRANSACTION
control field 20190820095613.0
008 - FIXED-LENGTH DATA ELEMENTS--GENERAL INFORMATION
fixed length control field 190820b ||||| |||| 00| 0 eng d
020 ## - INTERNATIONAL STANDARD BOOK NUMBER
International Standard Book Number 9781473222434
040 ## - CATALOGING SOURCE
Transcribing agency KH8
082 ## - DEWEY DECIMAL CLASSIFICATION NUMBER
Classification number FIC AAR
100 ## - MAIN ENTRY--PERSONAL NAME
Personal name Aaronovitch, Ben
245 ## - TITLE STATEMENT
Title The furthest station /
Statement of responsibility, etc. Ben Aaronovitch
260 ## - PUBLICATION, DISTRIBUTION, ETC.
Name of publisher, distributor, etc. Orion Publishing Group,
Date of publication, distribution, etc. 2018.
300 ## - PHYSICAL DESCRIPTION
Extent 118 p. ;
Dimensions 20 cm.
440 ## - SERIES STATEMENT/ADDED ENTRY--TITLE
Title A PC Grant mystery
500 ## - GENERAL NOTE
General note Interview with author
520 ## - SUMMARY, ETC.
Summary, etc. A stunning PC Peter Grant novella continues this bestselling series with commuting ghosts, a kidnapping, and a superb new London mystery!
600 ## - SUBJECT ADDED ENTRY--PERSONAL NAME
Personal name Grant, Peter (Fictitious character)
Chronological subdivision Fiction;
650 ## - SUBJECT ADDED ENTRY--TOPICAL TERM
Topical term or geographic name entry element Wizards
Form subdivision Fiction
650 ## - SUBJECT ADDED ENTRY--TOPICAL TERM
Topical term or geographic name entry element London (England)
Form subdivision Fiction; Detective and mystery stories;
942 ## - ADDED ENTRY ELEMENTS (KOHA)
Source of classification or shelving scheme
Koha item type Books - Fiction
Holdings
Withdrawn status Lost status Source of classification or shelving scheme Damaged status Not for loan Collection code Permanent Location Current Location Shelving location Date acquired Total Checkouts Full call number Barcode Date last seen Date last checked out Price effective from Koha item type
          Fiction KH8 Senior School Library KH8 Senior School Library Fiction 2019-08-20 1 FIC AAR 3KHSL000100130 2024-07-16 2023-10-12 2019-08-20 Books - Fiction

Powered By KH8 IT Dept